00961cjm a22002895a 4500999001500000001000900015003000400024005001700028007001500045008004100060010001700101028002600118035002200144035001800166040001300184050001400197082001500211100002300226245012200249260003500371300001800406500001800424505005200442906004500494942001200539952012000551 c5780d578013516621OSt20190109184519.0sd fsngnnmmned040309s200u xx uun  a 200457567302aMGR 1009bMGI Records a(DLC) 2004575673 a(DLC)13516621 aDLCcDLC00aSDA 90148 a248bM883g1 aMorrow, Zona Hayes10aGet a grip/cMorrow, Zona Hayes, forewords by Dodie Osteen and Dr. Norvel Hayes/bwhat to do at the end of your rope/ aTuls, OkbHarrison HOusec2013 a127 p.;c20cm aCompact disc.0 aGet a grip -- High-top bop -- Says who? -- etc. a0bibccsrreplad3encipf20gy-genmusic 2ddccBK 00102ddc40708NFICaHMCbHMCcGENd2019-01-09g250.00l0o248 M883gp006496r2019-01-09 00:00:00w2019-01-09yBK